Statistiken für Europa Länder Quiz

Klicken Sie hier um das Quiz zu spielen!

Allgemein

  • Dieses Quiz wurde 107 mal gespielt
    (90 seit der letzten Aktualisierung)
  • Das Durchschnittsergebnis liegt bei 42 aus 47

Antwortstatistiken

Land% Korrekt
Deutschland
100%
Lettland
99%
Litauen
97%
Albanien
96%
Dänemark
96%
Frankreich
96%
Russland
96%
Belgien
95%
Estland
95%
Island
95%
Luxemburg
95%
Spanien
95%
Andorra
93%
Finnland
93%
Irland
93%
Norwegen
93%
Schweiz
93%
Vereinigtes Königreich
93%
Belarus
92%
Kroatien
92%
Niederlande
92%
Portugal
92%
Schweden
92%
Bosnien und Herzegowina
90%
Italien
90%
Liechtenstein
90%
Österreich
90%
Serbien
90%
Ungarn
90%
Vatikanstadt
90%
Ukraine
89%
Griechenland
88%
Polen
88%
Slowenien
88%
San Marino
86%
Bulgarien
85%
Kosovo
85%
Malta
85%
Monaco
85%
Slowakei
85%
Tschechien
85%
Montenegro
82%
Nordmazedonien
82%
Rumänien
82%
Türkei
82%
Zypern
81%
Moldau
73%

Verteilung der Resultate

Perzentil nach korrekt beantworteten Fragen

Anzahl Personen mit jedem Resultat

Ihre Resultats-Entwicklung

Sie haben dieses Quiz seit der letzten Aktualisierung nicht gespielt